Agribusiness : Principles of management
This comprehensive book approaches agribusiness as a technology-oriented industry composed of organizations ranging in size from small, family-owned farms or businesses to some of the largest corporations in the world. With multiple opportunities for self-review as well as vignettes, cases, and exam...
Saved in:
| Main Author: | |
|---|---|
| Format: | Book |
| Language: | Undetermined |
| Published: |
Australia
Delmar Cengage Learning
2015
|
| Subjects: | |
| Tags: |
Add Tag
No Tags, Be the first to tag this record!
|
| Institutions: | Trung tâm Học liệu Trường Đại học Cần Thơ |
|---|
| LEADER | 01218nam a2200229Ia 4500 | ||
|---|---|---|---|
| 001 | CTU_207472 | ||
| 008 | 210402s9999 xx 000 0 und d | ||
| 020 | |c 2299000 | ||
| 082 | |a 630.68 | ||
| 082 | |b V217 | ||
| 100 | |a Van Fleet, David D | ||
| 245 | 0 | |a Agribusiness : | |
| 245 | 0 | |b Principles of management | |
| 245 | 0 | |c David D. Van Fleet, Ella W. Van Fleet, George J. Seperich. | |
| 260 | |a Australia | ||
| 260 | |b Delmar Cengage Learning | ||
| 260 | |c 2015 | ||
| 520 | |a This comprehensive book approaches agribusiness as a technology-oriented industry composed of organizations ranging in size from small, family-owned farms or businesses to some of the largest corporations in the world. With multiple opportunities for self-review as well as vignettes, cases, and examples in each chapter, this book shows readers the real-world application of what they are learning and provides them with a solid understanding of what management is all about. | ||
| 650 | |a Ngành nông nghiệp,Agricultural industries,Agricultural industrie,Ngành nông nghiệp | ||
| 650 | |x Tài chính,Management,Finance.,Quản lý | ||
| 904 | |i Tuyến | ||
| 980 | |a Trung tâm Học liệu Trường Đại học Cần Thơ | ||